Представление документа в формате RUSMARC

ПолеНазваниеЗначение
  Тип записи a
  Библиографический уровень a
001 Контрольный номер UONB/MAIN/98490d5331e74ba8b62e524b026760c6
005 Дата корректировки 20260507102735.2
100 Данные общей обработки __
a Данные общей обработки 20260507 ||| 0rusy0189 ca
101 Язык документа 0_
a Язык текста rus
102 Страна публикации __
a Страна публикации RU
200 Заглавие и сведения об ответственности 1_
a Заглавие Ничто на земле не проходит бесследно
f Первые сведения об ответственности А. А. Уланов, Н. Г. Ивандеев [и др.]
203 Вид содержания и тип средства __
a Вид содержания Текст
b Характеристика содержания визуальный
c Тип средства непосредственный
215 Физическое описание __
c Иллюстрации/тип воспроизводства ил., портр.
461 Уровень набора _0
1 2000
a Цильнинские новости
463 Уровень физической единицы _0
1 2000
a № 14 (1385) (10 апреля)
v С. 3
1 2101
d 2026
1 001UONB/MAIN/7a8a6133bfb047dcab67d7e81a5efc5e
600 Персоналии _1
a Персоналии (Фамилия) Романов
b Персоналии (Имя, инициалы) В. А.
g Полное имя Вячеслав Анатольевич
607 Географические рубрики __
a Географическое наименование Цильнинский район (Ульяновская область)
610 Ключевые слова 0_
a Ключевые слова некрологи; инженеры; память
686 Индексы других классификаций __
2 Код системы rubbk
a Классификационный индекс 30
700 Автор _1
a Фамилия Уланов
b Имя (инициалы) А. А.
701 Альтернативная интеллектуальная ответственность _1
a Фамилия Ивандеев
b Имя (инициалы) Н. Г.
801 Источник записи _0
a Страна RU
b Организация Ульяновская ОНБ
c Дата составления 20260507
g Правила каталогизации RCR
801 Источник записи _1
a Страна RU
b Организация Ульяновская ОНБ
c Дата составления 20260507
g Правила каталогизации RCR
901 Тип документа __
t Тип документа f
w Контрольный № источника UONB/MAIN/7a8a6133bfb047dcab67d7e81a5efc5e
909 Создатель записи __
a Создатель записи Логинова
b Дата создания записи 20260507